| 000 | 00625nab a2200181 4500 | ||
|---|---|---|---|
| 001 | 244442 | ||
| 003 | OSt | ||
| 005 | 20230607153150.0 | ||
| 007 | tu | ||
| 008 | 200917s2020||||||| | ||
| 040 |
_aDE-2950 _cDE-2950 |
||
| 245 | 0 | 0 |
_aEnergie statt Apfelernte. _bErneuerbare. In Markendorf sollen die bislang größten Photovoltaikanlagen in Frankfurt entstehen. Die Obstbauern könnten davon profitieren / _cInes weber-Rath und Lisa Mahlke |
| 264 | _c2023 | ||
| 653 | _aFrankfurt (Oder) | ||
| 653 | _aSolarenergie | ||
| 773 | 0 |
_g34. Jahrgang (2023) Nr. 126 vom 02.06.2023, S. 13: mit Foto _tMärkische Oderzeitung |
|
| 942 |
_2z _cA |
||
| 999 |
_c372518 _d372518 |
||